000 00360 a2200157 4500
001 73338
020 _a
040 _cAnchieta - Colégio São Paulo
100 _aMaria, Alba
240 1 0 _aMãos femininas tecendo a letra
_lpor
245 1 0 _aMãos femininas tecendo a letra
300 _a59
362 0 _a2001
650 4 _aPoesia brasileira
942 _cBK
999 _c73338
_d73338